| 000 | 01415nam a22003375a 4500 | ||
|---|---|---|---|
| 999 |
_c14819 _d14819 |
||
| 003 | EG-ScBUE | ||
| 005 | 20210316113031.0 | ||
| 008 | 090706s1999 ii f b 000 d eng d | ||
| 020 | _a8175810742 | ||
| 040 |
_aEG-ScBUE _beng _erda _cEG-ScBUE _dEG-ScBUE |
||
| 082 | 0 | 4 |
_a822.33 _bSHA _222 |
| 100 | 1 |
_aShakespeare, William, _d1564-1616, _eauthor. |
|
| 245 | 1 | 0 |
_aKing Lear : _bedited with a critical introduction, complete text with paraphrase, notes and explanatory comments and important questions with answers / _cWilliam Shakespeare ; Ramji Lall, M.A., formerly principal, Dyal Singh College, University of Delhi. |
| 250 | _aThirteenth edition. | ||
| 264 | 1 |
_aNew Delhi : _bRama Brothers India Pvt. Ltd., _c1999. |
|
| 300 |
_a550 pages ; _c18 cm |
||
| 336 |
_2rdacontent _atext _btxt |
||
| 337 |
_2rdamedia _aunmediated _bn |
||
| 338 |
_2rdacarrier _avolume _bnc |
||
| 504 | _aIncludes bibliographical references. | ||
| 600 | 1 | 7 |
_aShakespeare, William, _d1564-1616 _xCriticism and interpretation. _2BUEsh |
| 650 | 7 |
_aLear, King (Legendary character) _xDrama. _2BUEsh _97573 |
|
| 650 | 7 |
_aInheritance and succession _vDrama. _2BUEsh _97574 |
|
| 650 | 7 |
_aFathers and daughters _vDrama. _2BUEsh _97575 |
|
| 650 | 7 |
_aKings and rulers _vDrama. _2BUEsh _97576 |
|
| 651 | _2BUEsh | ||
| 653 |
_bHHUUEENN _bGGEN _cNovember2017 |
||
| 655 |
_vReading book _934232 |
||
| 700 | 1 |
_aLall, Ramji, _eeditor. _910945 |
|
| 942 |
_2ddc _cBB |
||